Spain Quiz - Statistics

General Stats
  • This quiz has been taken 22 times
    21 since last reset
  • The average score is 5 of 7
Answer Stats
Question Answer % Correct
What is the capitol of Spain? Madrid
100%
Name a country that Spain borders Morocco / Portugal / France / Andorra / United Kingdom
89%
How many millions of people live in Barcelona? 5
83%
in the times 2000-2015, When did Spain win the world cup? 2010
67%
What is the national animal of Spain? Bull
61%
What is the national sport of Spain? Soccer
61%
How many millions of people live in spain? 47
39%
No matching quizzes found
Score Distribution
Percent of People with Each Score
Percentile by Number Answered
Your Score History
You have not taken this quiz since the last reset